| 000 | 00503nam a2200229Ia 4500 | ||
|---|---|---|---|
| 003 | IT-RoPAU | ||
| 008 | 120407s9999 xx 000 0 und d | ||
| 040 | _aIT-RoPAU | ||
| 040 | _cIT-RoPAU | ||
| 041 | _aita | ||
| 100 | _aGiuliana Leccese | ||
| 245 | _aElementi della teoria ingenua degli insiemi. | ||
| 250 | _aFirenze | ||
| 260 | _aSansoni | ||
| 260 | _c1973 | ||
| 300 | _a126 p. | ||
| 300 | _c18 cm | ||
| 490 | _aScuola aperta/Matematica | ||
| 490 | _v1 | ||
| 942 | _cBK | ||
| 999 |
_c25002 _d25002 |
||